[Event "SCO-ch op 128th"]
[Site "Dunfermline"]
[Date "2023.07.09"]
[Round "4"]
[White "Malkin, Kenneth"]
[Black "Ley Polanco, Chihon"]
[Result "1-0"]
[WhiteElo "1891"]
[BlackElo "1697"]
[PlyCount "117"]
[EventDate "2023.07.07"]
[EventType "swiss"]
[EventRounds "5"]
[EventCountry "SCO"]
[SourceTitle "CBM 215 Extra"]
[Source "ChessBase"]
[SourceDate "2023.09.30"]
[SourceVersion "1"]
[SourceVersionDate "2023.09.30"]
[SourceQuality "1"]

1. e4 g5 2. Nc3 h6 3. g3 Bg7 4. Bg2 c5 5. Nge2 Nc6 6. d3 e6 7. 0-0 Nge7 8. f4 g4 9. f5 f6 10. Nf4 h5 11. Be3 Nd4 12. Nce2 e5 13. Nd5 Nxd5 14. exd5 d6 15. Be4 Qe7 16. c3 Bh6 17. Bc1 Nxe2+ 18. Qxe2 Qg7 19. b4 b6 20. bxc5 bxc5 21. h4 gxh3 22. Qxh5+ Ke7 23. Qg6 Bd7 24. Qxg7+ Bxg7 25. Kh2 Rab8 26. Rf2 Bh6 27. Bxh6 Rxh6 28. Rd1 Rhh8 29. Rdd2 Kd8 30. g4 Rb1 31. Bf3 Rc1 32. c4 Ba4 33. Be2 Re1 34. Rf1 Rxf1 35. Bxf1 Kc7 36. Bxh3 Rg8 37. Kg3 Bd7 38. Kf3 Rh8 39. Bg2 Ba4 40. Kg3 Rg8 41. Bf3 Bd7 42. Be4 Ba4 43. Rh2 Rg7 44. Rh6 Bd1 45. Bf3 Bc2 46. Be2 e4 47. dxe4 Bxe4 48. Rxf6 a5 49. Kf4 Bb1 50. a3 Rh7 51. Re6 Rh2 52. f6 Bg6 53. Kg5 Bf7 54. Re7+ Kd8 55. Bd3 Rd2 56. Bf5 a4 57. Rxf7 Rg2 58. Rd7+ Ke8 59. Kg6 1-0

[Event "Livingston Allegro op"]
[Site "Livingston"]
[Date "2023.04.02"]
[Round "1"]
[White "Cordero Hernandez, Jorge Pablo"]
[Black "Ley Polanco, Chihon"]
[Result "0-1"]
[WhiteElo "1488"]
[BlackElo "1702"]
[PlyCount "56"]
[EventDate "2023.04.02"]
[EventType "swiss (rapid)"]
[EventRounds "5"]
[EventCountry "SCO"]
[SourceTitle "CBM 213 Extra"]
[Source "ChessBase"]
[SourceDate "2023.05.31"]
[SourceVersion "1"]
[SourceVersionDate "2023.05.31"]
[SourceQuality "1"]

1. e4 e6 2. d4 d5 3. exd5 exd5 4. c4 Nf6 5. Nc3 Be7 6. Bd3 dxc4 7. Bxc4 0-0 8. Nge2 h6 9. 0-0 Nc6 10. Kh1 Bf5 11. Bf4 Bd6 12. Bxd6 Qxd6 13. a3 Rad8 14. Nb5 Qd7 15. Ng3 Bg6 16. f4 a6 17. Nc3 Qxd4 18. Qxd4 Rxd4 19. Bb3 Nh5 20. Nge2 Rd2 21. g4 Nf6 22. f5 Rxb2 23. Ba2 Bh7 24. Rf4 Rd8 25. Kg2 Nd4 26. Rd1 c5 27. Kf1 Nc6 28. Bb1 Rxd1+ 0-1

[Event "Livingston Allegro op"]
[Site "Livingston"]
[Date "2023.04.02"]
[Round "3"]
[White "Ley Polanco, Chihon"]
[Black "Berera, Siddharth"]
[Result "0-1"]
[WhiteElo "1702"]
[BlackElo "1806"]
[PlyCount "70"]
[EventDate "2023.04.02"]
[EventType "swiss (rapid)"]
[EventRounds "5"]
[EventCountry "SCO"]
[SourceTitle "CBM 213 Extra"]
[Source "ChessBase"]
[SourceDate "2023.05.31"]
[SourceVersion "1"]
[SourceVersionDate "2023.05.31"]
[SourceQuality "1"]

1. f4 c5 2. Nf3 Nc6 3. e3 g6 4. Be2 Bg7 5. 0-0 e6 6. Nc3 Nge7 7. b3 d5 8. Bb2 0-0 9. Na4 Bxb2 10. Nxb2 Qd6 11. Nd3 f6 12. Rc1 e5 13. fxe5 fxe5 14. Ng5 Bf5 15. c4 h6 16. cxd5 hxg5 17. e4 Bxe4 18. dxc6 Bxd3 19. cxb7 Rxf1+ 20. Qxf1 Rf8 21. Qxf8+ Kxf8 22. Bxd3 c4 23. Kh1 Nc6 24. Be4 Nb8 25. Rxc4 Qxd2 26. h3 Qd6 27. Bxg6 Qxg6 28. Rc8+ Kg7 29. Rxb8 Qb6 30. Kh2 Qc7 31. Re8 Qxb7 32. Kg3 Kf7 33. Rh8 Kg7 34. Re8 Kf7 35. Rh8 Qe4 0-1

[Event "Livingston Allegro op"]
[Site "Livingston"]
[Date "2023.04.02"]
[Round "2"]
[White "Ley Polanco, Chihon"]
[Black "Hand, Jamie"]
[Result "1-0"]
[WhiteElo "1702"]
[BlackElo "1530"]
[PlyCount "75"]
[EventDate "2023.04.02"]
[EventType "swiss (rapid)"]
[EventRounds "5"]
[EventCountry "SCO"]
[SourceTitle "CBM 213 Extra"]
[Source "ChessBase"]
[SourceDate "2023.05.31"]
[SourceVersion "1"]
[SourceVersionDate "2023.05.31"]
[SourceQuality "1"]

1. f4 d5 2. c4 d4 3. Nf3 c5 4. d3 Nf6 5. g3 Nc6 6. Bg2 Bf5 7. Na3 Qd7 8. 0-0 Bh3 9. e4 dxe3 10. Bxe3 Bxg2 11. Kxg2 e6 12. Qb3 Bd6 13. Rad1 a6 14. Nc2 0-0 15. d4 cxd4 16. Ncxd4 Nxd4 17. Bxd4 Qc7 18. Bxf6 gxf6 19. Qc3 Be7 20. b3 b5 21. Nd2 Rfd8 22. Ne4 Qc6 23. Qf3 Kf8 24. Rxd8+ Rxd8 25. cxb5 axb5 26. Rf2 f5 27. Ng5 Qxf3+ 28. Nxf3 Bc5 29. Rc2 Be7 30. Kh3 Ke8 31. a4 Rd3 32. Ne5 Rd5 33. axb5 f6 34. Rc8+ Bd8 35. Nc6 e5 36. b6 exf4 37. b7 f3 38. Rxd8+ 1-0

[Event "Edinburgh Park op"]
[Site "Edinburgh"]
[Date "2023.03.04"]
[Round "2"]
[White "Gera, Marvin"]
[Black "Ley Polanco, Chihon"]
[Result "1-0"]
[WhiteElo "1842"]
[BlackElo "1702"]
[PlyCount "92"]
[EventDate "2023.03.04"]
[EventType "swiss"]
[EventRounds "5"]
[EventCountry "SCO"]
[SourceTitle "CBM 213 Extra"]
[Source "ChessBase"]
[SourceDate "2023.05.31"]
[SourceVersion "1"]
[SourceVersionDate "2023.05.31"]
[SourceQuality "1"]

1. d4 d5 2. Bf4 Bg4 3. Nf3 Bxf3 4. gxf3 Nf6 5. c3 e6 6. Nd2 Nbd7 7. e4 dxe4 8. fxe4 Be7 9. Rg1 g6 10. Bg2 c6 11. Qb3 Qb6 12. 0-0-0 0-0-0 13. Nc4 Qxb3 14. axb3 Nb6 15. Ne5 Nh5 16. Bh6 Rhg8 17. Nxf7 g5 18. Nxd8 Kxd8 19. Bf3 Rg6 20. Bf8 Nf4 21. Bxe7+ Kxe7 22. Kd2 h6 23. Ke3 Rf6 24. Rg3 a5 25. Ra1 a4 26. Be2 axb3 27. Ra7 Nxe2 28. Kxe2 Nc4 29. Rxb7+ Kd8 30. Rxb3 Kc7 31. Rb4 Nb6 32. Rf3 Nd7 33. e5 Rg6 34. Rf7 Kc8 35. Rc4 c5 36. Ke3 Kd8 37. Ke4 Ke8 38. Rf3 cxd4 39. cxd4 Nb6 40. Rc6 Nd5 41. Rxe6+ Rxe6 42. Kxd5 Rb6 43. Rf6 Rxb2 44. Rxh6 Rxf2 45. Ke6 Kf8 46. Rf6+ Ke8 1-0

[Event "Edinburgh Park op"]
[Site "Edinburgh"]
[Date "2023.03.04"]
[Round "1"]
[White "Ley Polanco, Chihon"]
[Black "Al Dakl Alla, Muhammad"]
[Result "1-0"]
[WhiteElo "1702"]
[BlackElo "1318"]
[PlyCount "95"]
[EventDate "2023.03.04"]
[EventType "swiss"]
[EventRounds "5"]
[EventCountry "SCO"]
[SourceTitle "CBM 213 Extra"]
[Source "ChessBase"]
[SourceDate "2023.05.31"]
[SourceVersion "1"]
[SourceVersionDate "2023.05.31"]
[SourceQuality "1"]

1. c4 e6 2. e4 d5 3. cxd5 exd5 4. exd5 Qxd5 5. Nc3 Qe5+ 6. Be2 c6 7. Nf3 Qc7 8. d4 Nf6 9. 0-0 Be7 10. Be3 0-0 11. Rc1 Qd8 12. h3 Be6 13. Ng5 Nd5 14. Nxe6 fxe6 15. Bg4 Nc7 16. Re1 Bf6 17. Ne4 Nba6 18. Nxf6+ Qxf6 19. Qb3 Rab8 20. Qc4 Nd5 21. Qd3 Nac7 22. a3 Rbd8 23. Re2 Nf4 24. Bxf4 Qxf4 25. Qe3 Qxd4 26. Bxe6+ Nxe6 27. Qxe6+ Kh8 28. Qe7 h6 29. Qxb7 Rb8 30. Qxc6 Rxb2 31. Rxb2 Qxb2 32. Qc5 Rxf2 33. Qc8+ Kh7 34. Qc6 Rxg2+ 35. Qxg2 Qxc1+ 36. Kh2 Qf4+ 37. Kh1 Qc1+ 38. Kh2 Qxa3 39. Qe4+ Kg8 40. Qe8+ Kh7 41. Qe4+ g6 42. Qb7+ Kg8 43. Qd5+ Kf8 44. Qd8+ Kf7 45. Qd5+ Kf6 46. Qd4+ Kg5 47. Qe5+ Kh4 48. Qf4+ 1-0

[Event "Santiago IRT"]
[Site "Santiago de Chile"]
[Date "2018.03.19"]
[Round "4.6"]
[White "Ley Polanco, Chihon"]
[Black "Bulgarini Torre, Marco"]
[Result "0-1"]
[WhiteElo "1463"]
[BlackElo "1897"]
[PlyCount "86"]
[EventDate "2018.03.08"]
[EventType "swiss"]
[EventRounds "6"]
[EventCountry "CHI"]
[SourceTitle "EXT 2024"]
[Source "ChessBase"]
[SourceDate "2023.10.10"]
[SourceVersion "1"]
[SourceVersionDate "2023.10.10"]
[SourceQuality "1"]

1. d4 Nf6 2. Bf4 c5 3. d5 Qb6 4. Nc3 Qxb2 5. Bd2 Qb6 6. e4 d6 7. Rb1 Qd8 8. f4 a6 9. a4 g6 10. Bc4 Bg7 11. Nf3 0-0 12. 0-0 b6 13. e5 dxe5 14. fxe5 Ng4 15. Qe2 Nd7 16. e6 Nde5 17. Nxe5 Nxe5 18. exf7+ Kh8 19. Bh6 Bxh6 20. Qxe5+ Bg7 21. Qe3 Bd4 22. Qxd4+ cxd4 23. Ne2 Qc7 24. Bb3 Qc5 25. Kh1 Kg7 26. Ng3 Ra7 27. Ne4 Qa5 28. Rbd1 h6 29. Rxd4 Rxf7 30. Rxf7+ Kxf7 31. Rd1 Qb4 32. Rf1+ Kg7 33. Ng3 b5 34. axb5 a5 35. d6 exd6 36. h3 Qxb5 37. Rf3 a4 38. c4 Qe5 39. Ba2 Qa1+ 40. Kh2 Qxa2 41. Ne4 Bb7 42. Rf2 Qxf2 43. Nxf2 a3 0-1